[Event "GRE-ch U18 Girls"]
[Site "Kavala"]
[Date "2022.04.27"]
[Round "2"]
[White "Apostolakaki, Evangelia"]
[Black "Tsiripova, Eleni"]
[Result "0-1"]
[WhiteElo "1698"]
[BlackElo "1358"]
[PlyCount "60"]
[EventDate "2022.04.26"]
[EventType "swiss"]
[EventRounds "9"]
[EventCountry "GRE"]
[SourceTitle "CBM 208 Extra"]
[Source "ChessBase"]
[SourceDate "2022.07.31"]
[SourceVersion "1"]
[SourceVersionDate "2022.07.31"]
[SourceQuality "1"]

1. d4 d5 2. c4 e6 3. Nf3 c6 4. g3 dxc4 5. Qc2 b5 6. a4 Bb7 7. Bg2 Nf6 8. 0-0 Be7 9. Rd1 Qc8 10. b3 cxb3 11. Qxb3 b4 12. a5 Na6 13. Ne5 0-0 14. Bg5 c5 15. Bxb7 Qxb7 16. Na3 cxd4 17. Rxd4 Bc5 18. Rc4 Ne4 19. Be3 Qd5 20. Bxc5 Naxc5 21. Qxb4 Qxe5 22. Rac1 Rab8 23. Rxc5 Nxc5 24. Qxc5 Qxc5 25. Rxc5 Rfc8 26. Re5 a6 27. Re4 Rc3 28. Ra4 Rc1+ 29. Kg2 Ra1 30. h4 g6 0-1

[Event "GRE-ch South U16 Girls"]
[Site "Athens"]
[Date "2020.08.29"]
[Round "2"]
[White "Vakali, Athina"]
[Black "Tsiripova, Eleni"]
[Result "1-0"]
[WhiteElo "1281"]
[BlackElo "1401"]
[PlyCount "65"]
[EventDate "2020.08.28"]
[EventType "swiss"]
[EventRounds "9"]
[EventCountry "GRE"]
[SourceTitle "EXT 2023"]
[Source "ChessBase"]
[SourceDate "2022.10.05"]
[SourceVersion "1"]
[SourceVersionDate "2022.10.05"]
[SourceQuality "1"]

1. b3 c6 2. Bb2 d5 3. e3 Bf5 4. c4 Nd7 5. d4 e6 6. Nd2 Ngf6 7. Ngf3 h6 8. Be2 Be7 9. 0-0 Qc7 10. a3 g5 11. b4 dxc4 12. Nxc4 Nd5 13. Nfe5 Nxe5 14. Nxe5 Bd6 15. h3 f6 16. Bh5+ Ke7 17. Ng6+ Bxg6 18. Bxg6 Rag8 19. Bh5 f5 20. Qf3 Nf6 21. d5 cxd5 22. Bxf6+ Kxf6 23. g4 Be5 24. Rac1 Qd7 25. gxf5 exf5 26. Rc5 Ke6 27. Qxf5+ Kxf5 28. Bg4+ Ke4 29. Bxd7 h5 30. Rd1 g4 31. hxg4 hxg4 32. Rdxd5 Bh2+ 33. Kg2 1-0

[Event "Aspropyrgos op-B 1st"]
[Site "Aspropyrgos"]
[Date "2019.09.22"]
[Round "9"]
[White "Tsiripova, Eleni"]
[Black "Kapagiannidis, Konstantinos"]
[Result "1/2-1/2"]
[WhiteElo "1238"]
[BlackElo "1469"]
[PlyCount "132"]
[EventDate "2019.09.14"]
[EventType "swiss"]
[EventRounds "9"]
[EventCountry "GRE"]
[SourceTitle "CBM 195 Extra"]
[Source "ChessBase"]
[SourceDate "2020.05.31"]
[SourceVersion "1"]
[SourceVersionDate "2020.05.31"]
[SourceQuality "1"]

1. Nf3 Nf6 2. b3 d5 3. Bb2 e6 4. e3 Bd6 5. d4 0-0 6. c4 Bb4+ 7. Nc3 Ne4 8. Rc1 Nd7 9. Bd3 Ndf6 10. 0-0 Nxc3 11. Bxc3 Bxc3 12. Rxc3 a5 13. Qc2 c6 14. c5 g6 15. Rb1 Ne8 16. a3 Ng7 17. b4 f6 18. b5 Qe7 19. bxc6 bxc6 20. Rb6 Bd7 21. Ba6 Bc8 22. Be2 Qc7 23. Qa4 Bd7 24. Ba6 Ra7 25. Rcb3 Rfa8 26. Bb7 Re8 27. Bxc6 Bxc6 28. Qxc6 Qd8 29. Qb5 Ra8 30. Rb7 e5 31. Qd7 Qxd7 32. Rxd7 Rab8 33. Rbb7 Rxb7 34. Rxb7 Ne6 35. Kf1 exd4 36. exd4 Ra8 37. Rd7 Rb8 38. Rxd5 Rb1+ 39. Ne1 Nf4 40. Rd7 Kf8 41. Rd6 Ke7 42. d5 Rd1 43. Ra6 Rxd5 44. Rxa5 Rd7 45. g3 Ne6 46. Rb5 Rc7 47. Nd3 Ra7 48. Rb3 Kd7 49. Rc3 Nd4 50. Nb4 Nb5 51. Rd3+ Ke6 52. Re3+ Kf7 53. c6 Rc7 54. a4 Nd6 55. Rc3 Ne4 56. Rc2 Nd6 57. Nd5 Ra7 58. c7 Nc8 59. Rc6 Rxa4 60. Nb6 Nxb6 61. Rxb6 Rc4 62. Rb7 Ke6 63. Rb6+ Ke7 64. Rb7 Ke6 65. c8Q+ Rxc8 66. Rxh7 f5 1/2-1/2

[Event "Aspropyrgos op-B 1st"]
[Site "Aspropyrgos"]
[Date "2019.09.16"]
[Round "3"]
[White "Tsiripova, Eleni"]
[Black "Misailidis, Matthaios"]
[Result "1/2-1/2"]
[WhiteElo "1238"]
[BlackElo "1143"]
[PlyCount "73"]
[EventDate "2019.09.14"]
[EventType "swiss"]
[EventRounds "9"]
[EventCountry "GRE"]
[SourceTitle "CBM 195 Extra"]
[Source "ChessBase"]
[SourceDate "2020.05.31"]
[SourceVersion "1"]
[SourceVersionDate "2020.05.31"]
[SourceQuality "1"]

1. Nf3 Nf6 2. b3 b6 3. Bb2 Bb7 4. c4 e6 5. e3 c5 6. d4 d5 7. Be2 Be7 8. 0-0 0-0 9. cxd5 exd5 10. Nc3 Nc6 11. Qd2 Ne4 12. Qd3 Nb4 13. Qd1 Bf6 14. a3 Nc6 15. Na4 Qd6 16. dxc5 bxc5 17. Bxf6 Nxf6 18. Rc1 c4 19. bxc4 Qxa3 20. cxd5 Rfd8 21. Ra1 Qe7 22. Nc3 Nb4 23. Ra5 Nbxd5 24. Nxd5 Rxd5 25. Rxd5 Bxd5 26. Qd3 a5 27. Ng5 h6 28. Nh7 Be6 29. Nxf6+ Qxf6 30. Qa3 a4 31. Rb1 Bb3 32. Rxb3 axb3 33. Qxa8+ Kh7 34. Qe4+ g6 35. Qd4 Qc6 36. Qb2 Qc2 37. Qf6 1/2-1/2

[Event "GRE-ch U16 Girls"]
[Site "Patras"]
[Date "2019.06.28"]
[Round "4.6"]
[White "Koukouraki, Hrisi"]
[Black "Tsiripova, Eleni"]
[Result "1-0"]
[WhiteElo "1319"]
[BlackElo "1193"]
[PlyCount "61"]
[EventDate "2019.06.25"]
[EventType "swiss"]
[EventRounds "7"]
[EventCountry "GRE"]
[SourceTitle "EXT 2020"]
[Source "ChessBase"]
[SourceDate "2019.10.17"]
[SourceVersion "1"]
[SourceVersionDate "2019.10.17"]
[SourceQuality "1"]
[WhiteTeam "Greece"]
[BlackTeam "Greece"]
[WhiteTeamCountry "GRE"]
[BlackTeamCountry "GRE"]

1. e4 c6 2. d4 d5 3. exd5 cxd5 4. Bd3 Nf6 5. c3 e6 6. Bf4 Nbd7 7. Nf3 Be7 8. 0-0 a6 9. Ne5 0-0 10. Nd2 Nb8 11. Bg3 b5 12. f4 g6 13. Bh4 Bb7 14. Qf3 Nh5 15. Bxe7 Qxe7 16. g4 Ng7 17. f5 f6 18. fxg6 f5 19. gxh7+ Kxh7 20. Qh3+ Kg8 21. Ng6 Qg5 22. Qh8+ Kf7 23. Qxf8+ Kxg6 24. Nf3 Qe3+ 25. Kh1 Nc6 26. Qd6 Qxd3 27. gxf5+ Nxf5 28. Qxe6+ Kh5 29. Qf7+ Kh6 30. Qf6+ Kh7 31. Ng5+ 1-0

[Event "GRE-ch U16 Girls"]
[Site "Patras"]
[Date "2019.06.27"]
[Round "3.9"]
[White "Tsiripova, Eleni"]
[Black "Liouri, Styliani"]
[Result "1-0"]
[WhiteElo "1193"]
[BlackElo "1197"]
[PlyCount "39"]
[EventDate "2019.06.25"]
[EventType "swiss"]
[EventRounds "7"]
[EventCountry "GRE"]
[SourceTitle "EXT 2020"]
[Source "ChessBase"]
[SourceDate "2019.10.17"]
[SourceVersion "1"]
[SourceVersionDate "2019.10.17"]
[SourceQuality "1"]
[WhiteTeam "Greece"]
[BlackTeam "Greece"]
[WhiteTeamCountry "GRE"]
[BlackTeamCountry "GRE"]

1. e4 e5 2. Nf3 Nc6 3. d4 exd4 4. Nxd4 Qh4 5. Nc3 Bb4 6. Nde2 Qxe4 7. Bd2 Qe7 8. Nd5 Bxd2+ 9. Qxd2 Qd6 10. Nec3 Nf6 11. Qe3+ Kd8 12. 0-0-0 Re8 13. Qg5 Re5 14. Qxg7 Nxd5 15. Nxd5 Rxd5 16. Rxd5 Qf4+ 17. Rd2 d6 18. Qf8+ Kd7 19. Bb5 Qf6 20. Re1 1-0

[Event "GRE-ch U14 Girls"]
[Site "Achaia"]
[Date "2017.06.27"]
[Round "2"]
[White "Pessiridi, Christiana"]
[Black "Tsiripova, Eleni"]
[Result "1-0"]
[WhiteElo "1067"]
[BlackElo "1182"]
[PlyCount "63"]
[EventDate "2017.06.26"]
[EventType "swiss"]
[EventRounds "7"]
[EventCountry "GRE"]
[SourceTitle "CBM 179 Extra"]
[Source "ChessBase"]
[SourceDate "2017.08.23"]
[SourceVersion "1"]
[SourceVersionDate "2017.08.23"]
[SourceQuality "1"]

1. e4 e5 2. Nc3 Nc6 3. Bc4 Bc5 4. d3 Nf6 5. f4 Bb4 6. f5 d5 7. exd5 Nxd5 8. Bd2 Bxc3 9. bxc3 Bxf5 10. Nf3 0-0 11. Qe2 e4 12. dxe4 Bxe4 13. 0-0-0 Bf5 14. Bg5 Nxc3 15. Qe3 Nxd1 16. Rxd1 Qe8 17. Qc5 Qe4 18. Bd3 Qg4 19. h3 Qb4 20. Qxf5 g6 21. Qf6 Qe7 22. Qc3 f6 23. Bh6 Rfd8 24. Re1 Qd6 25. Bc4+ Kh8 26. Ng5 Qf4+ 27. Kb2 Ne5 28. Nf7+ Nxf7 29. Bxf4 Rf8 30. Qxf6+ Kg8 31. Bh6 g5 32. Qg7# 1-0